Statystyki dla Żeńskie Imiona na literę A

Kliknij tutaj aby rozwiązać quiz!

Ogólne statystyki

  • Ten quiz został rozwiązany 712 razy
  • Średni wynik to 10 z 26

Statystyki odpowiedzi

Odpowiedź% Poprawnych
Anna
95%
Alicja
81%
Amelia
76%
Agnieszka
71%
Agata
61%
Aleksandra
57%
Anastazja
57%
Alina
53%
Aneta
53%
Adrianna
46%
Aniela
43%
Ada
41%
Antonina
40%
Anita
38%
Aurelia
36%
Andżelika
33%
Amanda
31%
Aldona
27%
Antonia
8%
Albina
7%
Anika
7%
Alfreda
5%
Ariadna
5%
Ariela
5%
Anatolia
3%
Arlena
2%

Rozkład punktacji

Percentyl według liczby udzielonych odpowiedzi

Procent ludzi z każdym wynikiem

Twoja historia wyników

Nie rozwiązałeś tego quizu